| 000 | 00938cam a2200277Ia 4500 | ||
|---|---|---|---|
| 003 | data | ||
| 005 | 20260322212007.0 | ||
| 008 | data | ||
| 020 | _a0553213148 | ||
| 020 | _a9780553213140 | ||
| 040 |
_aBRL _cBRL _dOCLCG _dOCLCQ _dJZ6 _dOCLCQ _dBTCTA _dYDXCP _dOCLCG |
||
| 050 | 4 | _aPR9199.3.M6 | |
| 082 | 0 | 4 |
_a813/.52 _221 |
| 099 | _aMONTG L | ||
| 100 | 1 |
_aMontgomery, L. M. _d1874-1942. _q(Lucy Maud), |
|
| 245 | 1 | 0 |
_aAnne of Avonlea / _cL. M. Montgomery. |
| 260 |
_aNew York : _bBantam Books, _c1992. |
||
| 300 |
_a276 p. ; _c18 cm. |
||
| 490 | 1 |
_aThe Anne of Green Gables novels ; _v#2 |
|
| 520 | _aAt sixteen Anne is grown up ... almost. When she begins her job as the new schoolteacher, the real test of her character begins. | ||
| 650 | 0 |
_aSchools _vFiction. |
|
| 650 | 0 |
_aTeachers _vFiction. |
|
| 655 | 7 |
_aBildungsromans. _2gsafd |
|
| 800 | 1 |
_aMontgomery, L. M. _q(Lucy Maud), _d1874-1942. _tAnne of Green Gables novels ; _v#2. |
|
| 001 | data | ||
| 999 |
_c135 _d135 |
||